| 000 | 00903nam a2200289 i 4500 | ||
|---|---|---|---|
| 003 | DO-SdBNP | ||
| 005 | 20250116073946.0 | ||
| 006 | a||||br|||| 00| 0 | ||
| 007 | ta | ||
| 008 | 230814e1996 dr a|||| |||| 00| 0 spa d | ||
| 020 | _a970640119X | ||
| 020 | _a9706401408 | ||
| 040 |
_aDO-SdBNP _bspa _cBNPHU _erda |
||
| 082 | 4 |
_222 _bM722m |
|
| 100 |
_aMolina M., Andrés _eautor _984681 |
||
| 245 | 1 | 0 |
_aMatematicas 5 / _cAndrés Molina M. |
| 264 | 4 |
_aSanto Domingo : _bSantillana, _c1996 |
|
| 300 |
_a159 páginas : _bIlustraciones ; _c29 cm. |
||
| 336 |
_2rdacontent _atexto _btxt |
||
| 337 |
_2rdamedia _asin mediación _bn |
||
| 338 |
_2rdacarrier _avolumen _bnc |
||
| 500 | _aLibro del maestro y cuaderno de trabajo | ||
| 590 | _aInventariado 2023 / DG | ||
| 710 | 1 |
_aRepública Dominicana. _bSecretaría de Estado de Educación, Bellas Artes y Cultos _923965 |
|
| 910 | _aDG | ||
| 942 |
_2ddc _cLBS1 |
||
| 999 |
_c55606 _d55606 |
||